| 000 | 00634nam a2200205 a 4500 | ||
|---|---|---|---|
| 001 | 000035466 | ||
| 005 | 20200930074349.0 | ||
| 008 | 111101s2005 sp 000 j spa d | ||
| 020 | _a8466311130 | ||
| 040 |
_aDO-SdBNP _bspa _cBNPHU |
||
| 082 |
_axxx _bA634c, 2005 |
||
| 245 | 0 |
_aAntología del cuento triste / _cAugusto Monterroso, Bárbara Jacobs. |
|
| 250 | _a2a ed. | ||
| 260 |
_aMadrid : _bPunto de Lectura, _c2005. |
||
| 300 |
_a591 p. ; _c18 cm. |
||
| 490 | 1 |
_aPunto de lectura _v507 |
|
| 700 | 1 |
_aMonterroso, Augusto, _d1921-2003 _915065 |
|
| 700 | 1 |
_aJacobs, Bárbara, _d1947- _961321 |
|
| 830 | 0 |
_aPunto de lectura; _v507 _93047 |
|
| 999 |
_c34957 _d34957 |
||